000 00461nam a2200193Ia 4500
008 101110s9999 xx 000 0 und d
041 _aENGLISH
082 _bSR4502
_a380
100 _aKoontz, Harold D.
245 _aPrinciples of Management
365 _b29.25
520 _aCommerce
546 _aENGLISH
630 _aPrinciples of Management
650 _aCommerce
655 _aCommerce
730 _aPrinciples of Management
942 _cBOOK
999 _c800701
_d800698